| 000 | 00918nam a22002657a 4500 | ||
|---|---|---|---|
| 001 | 8743 | ||
| 003 | FISKH | ||
| 005 | 20251016132059.0 | ||
| 008 | 251016b cb ||||| |||| 00| 0 eng d | ||
| 020 | _a9780194643764 | ||
| 040 |
_aFISKH _beng _cFISKH _dFISKH |
||
| 050 | _aPE1126.A4 P3489 | ||
| 082 | _a553.7 | ||
| 100 |
_aPalin, Chery _eAuthor |
||
| 245 |
_aWonderful water / _cCheryl Palin |
||
| 260 |
_aNew York : _bOxford University , _c2010 |
||
| 300 |
_a48 pages : _bcolor illustrations ; _c21 cm |
||
| 505 | _aJ | ||
| 520 | _aThis exciting new series of non-fiction readers provides interesting and educational content, with activities and project work. The readers are graded at four levels, from 3 to 6, suitable for students from age 8 and older. | ||
| 521 | 8 |
_a520
_bLexile |
|
| 521 | 8 |
_aJ
_bRaz-Plus |
|
| 650 |
_aNon-fiction _vEducational content |
||
| 942 |
_2ddc _cBK _n0 |
||
| 999 |
_c8743 _d8743 |
||